| 000 | 00000nam 2200000zi 4500 |
| 001 | 9.932885 |
| 003 | CaOODSP |
| 005 | 20240513112239 |
| 006 | m o d f |
| 007 | cr cn||||||||| |
| 008 | 240124s2024 onc o f000 0 eng d |
| 020 | |a9780660697628 |
| 040 | |aCaOODSP|beng|erda|cCaOODSP |
| 043 | |an-cn--- |
| 086 | 1 |aCi4-257/2024E-PDF |
| 245 | 00|aExpress Entry : |bimmigrate to Canada through Express Entry. |
| 264 | 1|a[Ottawa] : |bGovernment of Canada = Gouvernement du Canada, |c[2024] |
| 300 | |a1 online resource (1 page) |
| 336 | |atext|btxt|2rdacontent |
| 337 | |acomputer|bc|2rdamedia |
| 338 | |aonline resource|bcr|2rdacarrier |
| 500 | |aCaption title. |
| 500 | |aIssued also in French under title: Entrée express: immigrer au Canada dans le cadre d’Entrée express. |
| 650 | 0|aAssisted emigration|zCanada. |
| 651 | 0|aCanada|xEmigration and immigration|xGovernment policy. |
| 710 | 1 |aCanada. |bImmigration, Refugees and Citizenship Canada, |eissuing body. |
| 775 | 08|tEntrée express : |w(CaOODSP)9.932887 |
| 776 | 0#|tExpress Entry : |w(CaOODSP)9.932888 |
| 856 | 40|qPDF|s102 KB|uhttps://publications.gc.ca/collections/collection_2024/ircc/Ci4-257-2024-eng.pdf |
| 986 | |aIRCC-3750 |